Đại Việt sử ký toàn thư : Trọn bộ
Sách ghi chép lại lịch sử từ thời Hồng Bàng (năm 2879 - 258 TCN) đến thời vua Gia Tôn nhà Lê (năm 1675). Ở từng giai đoạn được các tác giả đề cập cụ thể, rõ ràng các sự kiện về: bạo lực và biến động, chính trị - hành chính, chế độ quan...
Gespeichert in:
| Format: | Buch |
|---|---|
| Sprache: | Undetermined |
| Veröffentlicht: |
Hà Nội
Thời Đại
2013
|
| Schlagworte: | |
| Tags: |
Tag hinzufügen
Keine Tags, Fügen Sie den ersten Tag hinzu!
|
| Thư viện lưu trữ: | Trung tâm Học liệu Trường Đại học Cần Thơ |
|---|
| LEADER | 01147nam a2200193Ia 4500 | ||
|---|---|---|---|
| 001 | CTU_227495 | ||
| 008 | 210402s9999 xx 000 0 und d | ||
| 082 | |a 959.7 | ||
| 082 | |b Đ103 | ||
| 245 | 0 | |a Đại Việt sử ký toàn thư : | |
| 245 | 0 | |b Trọn bộ | |
| 260 | |a Hà Nội | ||
| 260 | |b Thời Đại | ||
| 260 | |c 2013 | ||
| 520 | |a Sách ghi chép lại lịch sử từ thời Hồng Bàng (năm 2879 - 258 TCN) đến thời vua Gia Tôn nhà Lê (năm 1675). Ở từng giai đoạn được các tác giả đề cập cụ thể, rõ ràng các sự kiện về: bạo lực và biến động, chính trị - hành chính, chế độ quan chức, chế độ giáo dục, cương vực, công nghiệp - thủ công nghiệp, giao thông - thủy lợi, các công trình kiến trúc, sinh hoạt xã hội (tập tục, trang phục, lễ hội, mê tín...)... | ||
| 650 | |a Lịch sử,History | ||
| 650 | |z Việt Nam,Vietnam | ||
| 910 | |b nthai | ||
| 980 | |a Trung tâm Học liệu Trường Đại học Cần Thơ | ||